Random perturbation methods with applications in science and engineering
Αποθηκεύτηκε σε:
| Κύριος συγγραφέας: | |
|---|---|
| Άλλοι συγγραφείς: | , |
| Μορφή: | Βιβλίο |
| Γλώσσα: | English |
| Δημοσίευση: |
New York :
Springer,
c2002
|
| Σειρά: | Applied mathematical sciences (Springer-Verlag New York Inc.)
; 150 |
| Θέματα: | |
| Ετικέτες: |
Προσθήκη ετικέτας
Δεν υπάρχουν, Καταχωρήστε ετικέτα πρώτοι!
|
MARC
| LEADER | 00000nam a2200000 i 4500 | ||
|---|---|---|---|
| 001 | 1/68835 | ||
| 008 | 041213s2002 eng d | ||
| 020 | |a 0-387-95427-9 | ||
| 035 | |l 10075851 | ||
| 040 | |a GR-MY-UA |b gre |e aacr | ||
| 041 | 0 | |a eng | |
| 082 | 0 | |a 515.35 |2 (21) | |
| 100 | 1 | |a Skorohod, A. V. |q (Anatolii Vladimirovich) |d 1930- | |
| 245 | 1 | 0 | |a Random perturbation methods with applications in science and engineering / |c Anatoli V. Shorokhod, Frank C. Hoppensteadt, Habib Salehi |
| 260 | |a New York : |b Springer, |c c2002 | ||
| 300 | |a xi, 488 σ.; |b εικ.; |c 24 εκ. | ||
| 490 | 1 | |a Applied mathematical sciences |v ; 150 | |
| 504 | |a Περιέχει βιβλιογραφικές αναφορές και ευρετήριο | ||
| 650 | 0 | 0 | |a Perturbation (Mathematics) |
| 650 | 0 | 0 | |a Differentiable dynamical systems. |
| 700 | 1 | |a Hoppensteadt, F. C. | |
| 700 | 1 | |a Salehi, Habib. | |
| 830 | 0 | |a Applied mathematical sciences (Springer-Verlag New York Inc.) |v ; 150 | |
| 852 | |a INST |b SAMOS |e 20041213 |h 515.35 SKO |p 005300022541 |q 005300022541 |t BK |y 0 | ||
| 901 | |a BIBL3-2004-3 | ||
| 909 | |a Σ |b 114151 | ||
| 920 | |a ΔΙΕΥΡΥΝΣΗ |b ΕΠΕΑΕΚ-ΤΜΠΕΣ |y ΣΑΜΟΣ |z 2004-10 | ||
| 970 | |a ΠΟΥΡΝΑΡΑΣ |b ΔΗΜΗΤΡΗΣ |z 2004/12/13 | ||